000 00488nam a2200181Ia 4500
008 151018s9999 xx 000 0 und d
082 _bRBASDV40555
_a891.461
100 _aना धो महानोर
245 _aपानझड
250 _b1
260 _bदिलीप
_c2005
300 _a62
600 _aना धो महानोर
630 _aपानझड
700 _aना धो महानोर
730 _aपानझड
942 _cBOOK
999 _c1039835
_d1039832